Guess the Teen Drama by Main Characters - Statistics

General Stats
  • This quiz has been taken 261 times
  • The average score is 17 of 40
Answer Stats
Main Characters Show % Correct
Serena, Blair, Nate, Chuck Gossip Girl
87%
Ginny, Georgia, Marcus, Max Ginny and Georgia
85%
Stefan, Damon, Elena, Katherine The Vampire Diaries
84%
Eleven, Max, Mike, Will Stranger Things
82%
Aria, Spencer, Emily, Hannah Pretty Little Liars
81%
Archie, Betty, Jughead, Veronica Riverdale
75%
Lucas, Nathan, Brooke, Peyton One Tree Hill
74%
Jeremiah, Belly, Conrad, Taylor The Summer I Turned Pretty
74%
Sarah, JJ, John B, Kiara Outer Banks
73%
Rue, Cassie, Maddy, Nate Euphoria
71%
Buffy, Willow, Angel, Spike Buffy the Vampire Slayer
68%
Scott, Derek, Stiles, Allison Teen Wolf
66%
Dawson, Pacey, Joey, Jen Dawson's Creek
64%
Ryan, Seth, Marissa, Summer The OC
63%
Devi, Paxton, Ben, Kamala Never Have I ever
58%
Alexa, Katie, Lucas, Jack Alexa and Katie
56%
Clay, Hannah, Jessica, Bryce 13 Reasons Why
55%
Rachel, Finn, Santana, Kurt Glee
50%
Superman, Lex, Lana, Lois Smallville
42%
Jane, Rafael, Michael, Xiomara Jane the Virgin
40%
Clarke, Bellamy, Octavia, Raven The 100
39%
Tony, Effy, Cassie, Anwar Skins
33%
Nick, Charlie, Elle, Ben Heartstopper
31%
Hyde, Donna, Jackie, Kelso That 70's Show
28%
Callie, Marianna, Jude, Jesus The Fosters
28%
Spencer, Olivia, Jordan, Layla All American
18%
Emma, Ashley, Jimmy, Manny Degrassi
17%
Tim, Eric, Tami, Matt Friday Night Lights
16%
Ricky, Amy, Ben, Adrian The Secret Life of the American Teenager
14%
Orla, Erin, Clare, Michelle Derry Girls
12%
Nini, Ricky, Gina, EJ High School Musical the Series
12%
Jackie, Natalie, Shauna, Misty Yellow Jackets
12%
Sam, Casey, Izzie, Elsa Atypical
9%
Maddie, Wally, Xavier, Rhonda School Spirits
8%
Shelby, Leah, Toni, Martha The Wilds
8%
Lindsay, Sam, Bill, KIm Freaks and Geeks
6%
Kate, Megan, Jeanette, Jamie Cruel Summer
5%
Carter, Taylor, Grant, Gabe Finding Carter
4%
Angela, Jordan, Sharon, Enrique My So Called Life
4%
Danny, Jo, Lacey, Tess Twisted
4%
No matching quizzes found
Score Distribution
Percent of People with Each Score
Percentile by Number Answered
Your Score History
You have not taken this quiz